Länder efter bokstav - C - Statistics

General Stats
  • This quiz has been taken 101 times
  • The average score is 3 of 5
Answer Stats
Land % Correct
Colombia
73%
Cypern
68%
Chile
54%
Centralafrikanska republiken
51%
Costa Rica
49%
No matching quizzes found
Score Distribution
Percent of People with Each Score
Percentile by Number Answered
Your Score History
You have not taken this quiz